| 000 | 00000nas##2200000za#4500 |
| 001 | 9.512734 |
| 003 | CaOODSP |
| 005 | 20210615082722 |
| 007 | ta |
| 008 | 150406c2000||||xxc|| p #||||f| |0fre|d |
| 040 | |aCaOODSP|bfre |
| 043 | |an-cn--- |
| 086 | 1 |aPo2-8F |
| 110 | 2 |aSociété canadienne des postes. |
| 245 | 10|aGuide des postes du Canada |
| 260 | |aOttawa - Ontario : |bSociété canadienne des postes |
| 310 | |aTrois fois par année |
| 500 | |aN°s d'été et d'automne (cumulatifs) sont gratuits avec l'achat du n° de janvier. Des copies additionnelles des n°s d'été et d'automne sont vendues à 55 $ cdn l'exemplaire. |
| 520 | 3 |aRenferme de l'information détaillée sur les produits et services offerts par Postes Canada, y compris les services visant les envois à destination des États-Unis ou d'autres pays. |
| 563 | |aFeuilles mobiles |
| 775 | 08|tCanada postal guide |w(CaOODSP)9.514311 |
| 776 | 0#|tGuide des postes du Canada |w(CaOODSP)9.508631 |
| 776 | 0#|tCanada postal guide |w(CaOODSP)9.508630 |